Karyalay praveenatha (Record no. 44323)

MARC details
000 -LEADER
fixed length control field 00304nam a2200121Ia 4500
020 ## - INTERNATIONAL STANDARD BOOK NUMBER
ISBN 81866499008
082 ## - DEWEY DECIMAL CLASSIFICATION NUMBER
Classification number 82.081=214.21
Item number KAM
100 ## - MAIN ENTRY--AUTHOR NAME
Personal name Kamsal, Haribabu
245 #0 - TITLE STATEMENT
Title Karyalay praveenatha
260 ## - PUBLICATION, DISTRIBUTION, ETC. (IMPRINT)
Place of publication New Delhi
Name of publisher Sudhamshu Bandhu
942 ## - ADDED ENTRY ELEMENTS (KOHA)
Koha item type Books
Holdings
Withdrawn status Lost status Damaged status Not for loan Home library Current library Date acquired Source of acquisition Full call number Accession Number Koha item type
        RRII Library RRII Library 16/12/2021 Gift 82.081=214.21 KAM G01070 Books